short stories / (Record no. 129540)

MARC details
000 -LEADER
fixed length control field 00727nam a22002417a 4500
005 - DATE AND TIME OF LATEST TRANSACTION
control field 20170124110057.0
010 ## - LIBRARY OF CONGRESS CONTROL NUMBER
LC control number B-082670
020 ## - INTERNATIONAL STANDARD BOOK NUMBER
Terms of availability 00.00
035 ## - SYSTEM CONTROL NUMBER
System control number B-082670
037 ## - SOURCE OF ACQUISITION
Source of stock number/acquisition Cen Lib/Ret
040 ## - CATALOGING SOURCE
Original cataloging agency DPL
Language of cataloging EN
082 ## - DEWEY DECIMAL CLASSIFICATION NUMBER
Classification number S
Item number SHO
245 ## - TITLE STATEMENT
Title short stories /
Statement of responsibility, etc edited by Yasmin Hameed [and] Asif Aslam Farrukhi
260 ## - PUBLICATION, DISTRIBUTION, ETC. (IMPRINT)
Place of publication, distribution, etc Delhi
Name of publisher, distributor, etc Ajanta Books International
Date of publication, distribution, etc 2002
270 ## - ADDRESS
Address 1 UB Jawahar Nagar, Bunglow Road
City Delhi
Postal code 110007
300 ## - PHYSICAL DESCRIPTION
Extent 197p.
Dimensions 21cm(Hb)
490 ## - SERIES STATEMENT
Series statement Pakistani women writers
Volume number/sequential designation 1
650 ## - SUBJECT ADDED ENTRY--TOPICAL TERM
Topical term or geographic name as entry element English fiction
9 (RLIN) 26662
650 ## - SUBJECT ADDED ENTRY--TOPICAL TERM
Topical term or geographic name as entry element English fiction--short stories
9 (RLIN) 26663
700 ## - ADDED ENTRY--PERSONAL NAME
Personal name Hameed, Yasmin
9 (RLIN) 26664
700 ## - ADDED ENTRY--PERSONAL NAME
Personal name Farrukhi, Asif Aslam
9 (RLIN) 26665
942 ## - ADDED ENTRY ELEMENTS (KOHA)
Source of classification or shelving scheme Dewey Decimal Classification
Koha item type English Books
Classification part S
Call number suffix SHO
Holdings
Withdrawn status Lost status Damaged status Not for loan Home library Current library Date acquired Source of acquisition Cost, normal purchase price Total Checkouts Full call number Barcode Date last seen Copy number Cost, replacement price Price effective from Koha item type
        Central Library Central Library 06/07/2015 Cen Lib/Ret 0.00   S SHO B-082670 06/07/2015 1 0.00 06/07/2015 English Books

© Delhi Public Library
Hit Counter
free hit counter